MARC

LEADER 00000nam0a2200000 4500
001 356728
005 20231102010924.0
035 |a (RuTPU)RU\TPU\retro\13988 
090 |a 356728 
100 |a 20200723d1977 km y0rusy50 ca 
101 0 |a rus 
102 |a RU 
105 |a a z 101zy 
200 1 |a Реология (полимеры и нефть)  |e труды Всесоюзной школы по реологии, 1977 г.  |f Академия наук СССР, Сибирское отделение, Институт теплофизики ; под ред. Г. В. Виноградова, С. С. Кутателадзе 
210 |a Новосибирск  |c Изд-во Ин-та теплофизики СО АН СССР  |d 1977 
215 |a 212 с.  |c ил. 
320 |a Библиогр. в конце ст. 
606 1 |a Полимеры  |x Реологические свойства  |x (полимерная промышленность)  |2 stltpush  |3 (RuTPU)RU\TPU\subj\69175  |9 84142 
606 1 |a Нефть  |x Реологические свойства  |2 stltpush  |3 (RuTPU)RU\TPU\subj\33756  |9 55904 
610 1 |a школы 
610 1 |a вязко-упругие жидкости 
610 1 |a вязко-упругие среды 
610 1 |a реологические системы 
610 1 |a реологические тела 
610 1 |a растворы 
610 1 |a полимерные системы 
610 1 |a тепломассоперенос 
610 1 |a нефтедобыча 
610 1 |a биореология 
675 |a 678.01:53(063)  |v 4 
675 |a 665.61(063)  |v 4 
702 1 |a Виноградов  |b Г. В.  |4 340 
702 1 |a Кутателадзе  |b С. С.  |4 340 
712 0 2 |a Академия наук СССР  |b Сибирское отделение  |b Институт теплофизики  |c (Новосибирск)  |2 stltpush  |3 (RuTPU)RU\TPU\col\11307  |9 25030 
712 0 2 |a Реология  |c Всесоюзная школа  |e Новосибирск  |f 1977  |4 570 
801 1 |a RU  |b 63413507  |c 20200723 
801 2 |a RU  |b 63413507  |c 20210127  |g RCR 
942 |c BK